آ و ا ز د و ست / (Record no. 70585)

MARC details
000 -LEADER
fixed length control field 00904nam a22002297a 4500
005 - DATE AND TIME OF LATEST TRANSACTION
control field 20120912164212.0
010 ## - LCCN (DPL NO)
LC control number B-483232,UR-8114
020 ## - INTERNATIONAL STANDARD BOOK NUMBER
Terms of availability 320.00.
035 ## - SYSTEM CONTROL NUMBER
System control number B-483232,U-6669
037 ## - SOURCE OF ACQUISITION
Source of stock number/acquisition BPPD
037 ## - SOURCE OF ACQUISITION
Source of stock number/acquisition DBAD/PUB
100 ## - MAIN ENTRY--PERSONAL NAME
Personal name مختا ر مسعو د
245 ## - TITLE STATEMENT
Title آ و ا ز د و ست /
Statement of responsibility, etc مختا ر مسعو د
246 ## - VARYING FORM OF TITLE
Title proper/short title Aawaz-e- Dost
Remainder of title By Mukhtar Masood
260 ## - PUBLICATION, DISTRIBUTION, ETC. (IMPRINT)
Place of publication, distribution, etc د ہلی
Name of publisher, distributor, etc ا يم آر پبليکيشنز
Date of publication, distribution, etc 2012ء
270 ## - ADDRESS
Address 2724-25 Darya Ganj New Delhi
300 ## - PHYSICAL DESCRIPTION
Extent 245 ص
Dimensions 22 Cm.(B.b)
500 ## - GENERAL NOTE
General note دو حصہ
942 ## - ADDED ENTRY ELEMENTS (KOHA)
Source of classification or shelving scheme Dewey Decimal Classification
Item type Urdu Bks
Classification part 840
Call number suffix م خ ت
Holdings
Withdrawn status Lost status Not for loan Collection code Home library Current library Date acquired Source of acquisition Cost, normal purchase price Full call number Barcode Copy number Cost, replacement price Koha item type
      Non-fiction Central Library Central Library 05/10/2012 K.KPub./7/42/22/20.03.12/24/17.04.12/19.06.12 320.00 840 م خ ت B-483232 1 320.00 Urdu Bks
      Non-fiction D.B.Act.Division D.B.Act.Division 16/01/2013   320.00 840 م خ ت U-6669 1 320.00 Urdu Bks

© Delhi Public Library
Hit Counter
free hit counter